000 00764cab a2200229 4500
001 WB2643-36
008 090401t1990 xxu||||| |||| 00| 0 eng d
035 _a(Sirsi) u9364
041 _aeng
245 _aTransport planning project set up
260 _c1990
350 _a0
490 _aDoE News Release
_vno 595 25 October 1990 2 pages
520 _aAs a follow up to the DOE white paper "This common inheritance", the DOE / DTP are launching a project to investigate ways of locating development to reduce travel distances and increase transport choice.
650 _aEnvironment
_96238
650 _aRESEARCH
650 _aTRANSPORT POLICY
650 _aTRAVEL PATTERNS
690 _aPLANNING LAW AND PRACTICE
942 _n0
948 _c04/03/1997
999 _c5837
_d5837